000 00489cam a2200205ua 4500
001 7263
005 20260515114158.0
008 141205n un |||gr||||Z||||||ben
020 _a5050017718
040 _cMAIN
041 _aben
082 _a891.443
100 _aBhoumik, N.,
_eTranslator.
245 1 _aUkrainian folk tales
_cTranslated by Noni Bhoumik
250 _a1st.
260 _aMoscow:
_bRaduga,
_c1988.
300 _a247p.
653 _aBengali short shories
942 _cBK
999 _c6383
_d6383